| 000 | 00511nam a22001937a 4500 | ||
|---|---|---|---|
| 003 | OSt | ||
| 005 | 20140310182204.0 | ||
| 008 | 130903t xxu||||| |||| 00| 0 eng d | ||
| 050 |
_aBR 110 _b.C771 1998 |
||
| 082 |
_aHS 230 _bC77 1998 |
||
| 100 | 0 |
_aCook, Arnold L. _916376 |
|
| 245 |
_aIssues of the times / _cArnold L. Cook |
||
| 260 |
_aPhilippines : _bSCR, _cc1998. |
||
| 300 | 0 |
_a75 p. : _c20 cm. |
|
| 650 |
_aChristianity _910499 |
||
| 650 |
_aReligions _910010 |
||
| 942 |
_2lcc _cHS |
||
| 999 |
_c10286 _d10286 |
||